| 000 | 00657nam a22001697a 4500 | ||
|---|---|---|---|
| 003 | OSt | ||
| 005 | 20250103123304.0 | ||
| 008 | 231207b ||||| |||| 00| 0 eng d | ||
| 022 | _20017-8012 | ||
| 040 | _cAL | ||
| 245 | _aHarvard Business Review | ||
| 260 |
_aUSA _bHarvard Business School Publishing Corporation |
||
| 500 | _aHarvard Business Review (HBR) is a general management magazine published by Harvard Business Publishing, a wholly owned subsidiary of Harvard University. HBR is published six times a year and is headquartered in Brighton, Massachusetts. | ||
| 650 | _2Business Management | ||
| 856 | _uhttps://hbr.org/ | ||
| 942 |
_2ddc _cPR _s1 |
||
| 999 |
_c229401 _d229401 |
||